000 00687nam a2200241Ia 4500
003 OSt
005 20220927105419.0
006 a|||||r|||| 00| 0
007 ta
008 220926b |||||||| |||| 00| 0 eng d
024 _a169466
037 _cReference Collections
040 _aRTL
_cRTL
_beng
041 _2eng
_aeng
082 _a"X9 (D66). 571, K0"
110 _aSwedish state Power board.
_9372301
245 0 _a"Swedish 80Kv System, Stock trolon"
_b Swedish state Power Board
260 _c1960
300 _a352p.
_ccm.
700 _aSwedish state Power board.
_9372302
942 _h"X9 (D66). 571, K0"
_cCC
999 _c692413
_d692413